000 00338nam a2200121Ia 4500
008 220204s9999 xx 000 0 und d
082 _a595.7'.4:591.13
_bSIN
100 _aSINGH, Pritam
245 0 _aArtificial diets for insects, mited and spiders.
260 _aNew York
_bPlenum
_c1977
650 _aInsects artificial diet
942 _cBK
999 _c34430
_d34430